| 000 | 00436nam a2200145 4500 | ||
|---|---|---|---|
| 005 | 20260227115318.0 | ||
| 008 | 260227b |||||||| |||| 00| 0 eng d | ||
| 020 | _a9781260575552 | ||
| 100 | _aWilley M. Joanne, Sandman M. Kathleen | ||
| 245 |
_aPrescott's Principles of Microbiology _c/Joanne Willey |
||
| 250 | _a2nd Edition | ||
| 260 |
_aNew York; _bMcGraw-Hill Education; _c2021 |
||
| 300 |
_axx,785p. ill; _c27.5cm |
||
| 942 |
_2lcc _n0 _cBK |
||
| 999 |
_c185 _d185 |
||